Vivir en otro pas̕ de la Unin̤ Europea

Detalles Bibliográficos
Autor Corporativo: Comisin̤ Europea (Bruselas). Direccin̤ General de Mercado Interior
Formato: Desconocido
Lenguaje:español
Publicado: Luxemburgo : Oficina de Publicaciones Oficiales de las Comunidades Europeas, 2003
Materias:
Acceso en línea:Acceso restringido

MARC

LEADER 00000ny a22000003n 4500
005 2011062000550.0
008 030625s2003 lu 000 0 spa c
024 8 |a OPOCE KM-32-00-524-ES-C 
035 |a 1779 
040 |a NoBUC  |d vLex 
090 |c 851  |d 851 
245 0 0 |a Vivir en otro pas̕ de la Unin̤ Europea  |h [Recurso electrn̤ico]  |c Comisin̤ Europea, [Direccin̤ General de Mercado interior] 
256 |a Servicio en ln̕ea 
260 |a Luxemburgo :  |b Oficina de Publicaciones Oficiales de las Comunidades Europeas,  |c 2003 
300 |a 16 p. ;  |c 21 cm 
500 |a "Dil̀ogo con los ciudadanos y las empresas". - Cub. 
506 1 |a Contenido solo disponible en los productos indicados  |d vLex Global  |d vLex Global (Academic Edition, excluding Law Schools)  |d vLex Global (U.S. Academic Edition, Law Schools)  |d vLex Global (U.S. Academic Edition, excluding Law Schools)  |d vLex Global (Academic Edition, Law Schools) 
650 0 7 |a Comunitario  |2 Tesauro vLex 
710 2 |a Comisin̤ Europea (Bruselas).  |b Direccin̤ General de Mercado Interior 
740 0 |a vLex Libros (Servicios en ln̕ea) 
856 4 0 |u http://vlex.com/source/1779  |z Acceso restringido 
942 |c BOOK 
999 0 |a Law  |b Luxemburgo